| 000 | 00650nam a2200241Ia 4500 | ||
|---|---|---|---|
| 003 | OSt | ||
| 005 | 20220928102520.0 | ||
| 006 | a|||||r|||| 00| 0 | ||
| 007 | ta | ||
| 008 | 220927b |||||||| |||| 00| 0 eng d | ||
| 024 | _a65448 | ||
| 037 | _cTextual | ||
| 040 |
_aSDCL _cSDCL _beng |
||
| 041 |
_2eng _aeng |
||
| 082 | _aO575xM, N4 | ||
| 100 |
_aLaitinen Kai _9398678 |
||
| 245 | 0 |
_aLiterature of Finland _b An outline |
|
| 260 |
_aOtava _bOtava Publishing Company _c1994 |
||
| 300 |
_a163p _ccm. |
||
| 650 |
_aLiterature Finland _9398679 |
||
| 942 |
_hO575xM, N4 _cTEXL _2CC |
||
| 999 |
_c714549 _d714549 |
||